000 01803nam a22004697a 4500
003 CHAP
005 20220329143407.0
008 090218s2008 mx a r 00010 spa d
010 _a95924
011 _a96896
035 _a107553
040 _cCHAP
090 _aTesis
100 1 _aLópez Hernández, Adayver.
_967958
245 1 0 _aDiseño de una planta de tratamiento para embotellar agua, aguas con sabor, sales minerales y edulcorantes
_c/por Adayver López Hernández
260 _aChapingo, Méx. :
_bEl autor,
_c2008
300 _a228 h. :
_bilus., gráfs., tablas
502 _aTesis (Ing. en Irrigación) -- UACH. Departamento de Irrigación
530 _aTambién disponible en línea
590 _aALEPH
_b10
_c20130110
_lUCH01
_h1527
590 _aBATCH-UPD
_b10
_c20130110
_lUCH01
_h0244
590 _aBATCH-UPD
_b10
_c20130110
_lUCH01
_h1258
590 _aBATCH-UPD
_b10
_c20130409
_lUCH01
_h2313
590 _aBATCH-UPD
_b10
_c20130410
_lUCH01
_h1257
590 _aBATCH-UPD
_b10
_c20130914
_lUCH01
_h0555
590 _aBATCH-UPD
_b10
_c20140324
_lUCH01
_h1510
590 _aBATCH-UPD
_b10
_c20141001
_lUCH01
_h1313
590 _aBATCH-UPD
_b10
_c20141002
_lUCH01
_h0838
590 _aCONVERSION
_b10
_c20130109
_lUCH01
_h1353
650 1 4 _aAgua
_xPurificacion.
_92397
650 1 4 _aAgua
_xUtilización.
_92401
650 1 4 _aBebidas
_xIndustria.
_911113
650 1 4 _aDiseño en ingeniería.
_932730
650 1 4 _aEdulcorantes.
_935703
650 1 4 _aProyectos industriales.
_992531
650 1 4 _aSaborizantes.
_9101115
856 _3Finding aid
_uhttp://10.13.5.2/tesis/107553.pdf
_zTeclea aqui
901 _aBK
942 _cFOLL
949 _aTesis
_bBC
_cTES
_d33724002082777
_eTS1
_gDonaciØn
_h49021
_i107553
_sb
949 _aTesis
_bBC
_cTES
_d33724002082819
_eTS2
_fc.2
_gDonaciØn
_h49022
_i107553
_sb
999 _c95924
_d95924